| 000 | 01159nam a22003017a 4500 | ||
|---|---|---|---|
| 001 | 7621 | ||
| 003 | FISKH | ||
| 005 | 20250826143013.0 | ||
| 008 | 250728b cb ||||| |||| 00| 0 eng d | ||
| 020 | _a9780545496650 | ||
| 040 |
_aFISKH _beng _cFISKH _dFISKH |
||
| 050 | _aSF426 .L37 | ||
| 082 | _a636.0832 | ||
| 100 | _aLarson, Kirby | ||
| 245 |
_aTwo bobies : _bA story of Hurricane Katrina, friendship , and survial / _cBy Kirby Larson and Mary Nethery : Illustrated by Jean Cassels |
||
| 260 |
_aNew York : _bScholastic , _c2008. |
||
| 300 |
_a32 unnumbered pages : _bcolor illustrations ; _c26 cm . |
||
| 505 | _aT | ||
| 520 | _aBobbi (the dog) and Bob Cat are the best of friends. When their hometown of New Orleans was struck by Hurricane Katrina, many lost everything. Bobbi and Bob Cat only survived by staying together. This is the story of their remarkable friendship. | ||
| 521 | 8 |
_a810
_bLexile AD |
|
| 521 | 8 |
_aT
_bRaz-Plus |
|
| 650 |
_aHurricane Katrina _vFiction |
||
| 650 |
_aAll ages _vFiction |
||
| 650 |
_aHurricanes _vFiction |
||
| 700 |
_aCassels, Jean _eIllustrator |
||
| 942 |
_2ddc _cBK _n0 |
||
| 999 |
_c7621 _d7621 |
||